African Capitals by First 2 Letters by Map - Statistics

General Stats
  • This quiz has been taken 225 times
  • The average score is 41 of 54
Answers on the Map
Answers color-coded by a green-red scale on the quiz's map according to % correct below.
 
Answer Stats
country capital % Correct
Algeria Algiers
96%
South Africa Pretoria / Cape Town / Bloemfontein
96%
Egypt Cairo
93%
Morocco Rabat
91%
Tunisia Tunis
88%
Equatorial Guinea Malabo
87%
Mozambique Maputo
87%
Lesotho Maseru
87%
Libya Tripoli
85%
Mali Bamako
84%
Central African Republic Bangui
84%
Gambia Banjul
84%
Rwanda Kigali
84%
Congo (Dem. Rep.) Kinshasa
84%
Somalia Mogadishu
84%
Liberia Monrovia
84%
Comoros Moroni
84%
Madagascar Antananarivo
82%
Ethiopia Addis Ababa
81%
Kenya Nairobi
81%
Sudan Khartoum
80%
Angola Luanda
79%
Zambia Lusaka
79%
Niger Niamey
78%
Nigeria Abuja
77%
Ghana Accra
77%
Gabon Libreville
77%
Malawi Lilongwe
77%
Benin Porto-Novo / Cotonou
76%
Chad N'Djamena
75%
Senegal Dakar
74%
Djibouti Djibouti
74%
Congo (Rep.) Brazzaville
72%
Tanzania Dodoma
72%
Guinea-Bissau Bissau
71%
São Tomé and Príncipe São Tomé
71%
Côte d'Ivoire Yamoussoukro
71%
Cameroon Yaoundé
71%
Uganda Kampala
70%
Namibia Windhoek
69%
Guinea Conakry
68%
Zimbabwe Harare
68%
South Sudan Juba
68%
Burkina Faso Ouagadougou
68%
Cape Verde Praia
68%
Mauritania Nouakchott
67%
Togo Lomé
66%
Eritrea Asmara
65%
Botswana Gaborone
65%
Sierra Leone Freetown
62%
Seychelles Victoria
60%
Mauritius Port Louis
59%
Eswatini Mbabane
52%
Burundi Gitega
51%
No matching quizzes found
Score Distribution
Percent of People with Each Score
Percentile by Number Answered
Your Score History
You have not taken this quiz